000 00664nam a2200229 a 4500
008
020 _a0805388885 (hbk.)
049 _aMAIN
090 _aQA37.2
_bWAS
100 1 _aWashington, Allyn J.
245 1 0 _aBasic technical mathematics /
_cAllyn J. Washington.
250 _a5th ed.
260 _aRedwood City, Calif. :
_bBenjamin/Cummings,
_c1990.
300 _axviii, 651, [122] p. :
_bill. (some col.) ;
_c25 cm.
500 _aIncludes index.
650 0 _aMathematics.
907 _a.b10002650
_b06-11-14
_c17-04-03
003
005 20230123133527.0
040 _cNUST
942 _cBOOKS
_kQA37.2
_mWAS
999 _c150121
_d150121